000 00875nam a2200205Ii 4500
003 JO-AjNU
008 230605s9999||||xx |||||||||||||| ||und||
040 _aJO-AjNU
_bara
_erda
_cJO-AjNU
041 _aara
050 1 4 _aPJ6199.K4222 1985
100 3 _aالإسكافي، محمد بن عبدالله الخطيب,
_eauthor
_98702
245 0 0 _aكتاب مبادئ اللغة: مع شرح أبيات مبادئ اللغة للشيخ الإمام أبي عبد الله محمد بن عبد الله الخطيب الإسكافي المتوفي سنة 421 هجرية رحمه الله تعالى
250 _aط1
264 3 1 _aبيروت: دار الكتب العلمية، 1985
300 _a208ص
336 _atext
_btxt
_2rdacontent
337 _aunmediated
_bn
_2rdamedia
338 _avolume
_bnc
_2rdacarrier
650 4 _aاللغة العربية - مبادئ
_98703
999 _aA924
_c4492
_d4492